000 00635nam a2200205Ia 4500
003 GCL
008 140319s9999 xx 000 0 ara d
040 _aGCL /
_cGCL
082 0 4 _a811.5
_bم م
100 1 _aمجاهد عبدالمنعم مجاهد
245 1 0 _aالمتنبى والاغتراب /
_cمجاهد عبدالمنعم مجاهد
300 _a338
490 _aالمغتربون
_v0
650 0 4 _aالشعر العربى
650 0 4 _aالدولة العباسية الثانية
650 0 4 _aالمتنبى, ابو الطيب
650 0 4 _aتاريخ ونقد
650 0 4 _aابوالطيب
942 _2ddc
_cBK
999 _c43692
_d43692